Discrete-time signal processing (Registro nro. 316957)

Detalles MARC
000 -ENCABEZADO
Número de control [NR] 02091cam a2200289 c 4500
005 - FECHA Y HORA DE LA ÚLTIMA TRANSACCIÓN
control field 20200929065618.0
008 - DE LONGITUD FIJA DE DATOS DE ELEMENTOS - INFORMACIÓN GENERAL
Elementos de longitud fija [NR] 200128t2013 xxu|||||r|||| 001 0 eng d
020 ## - NUMERO INTERNACIONAL NORMALIZADO PARA LIBROS [R]
Número Internacional Normalizado del libro [NR] 9789332535039 (3a.Ed.)
040 ## - FUENTE DE CATALOGACION [NR]
Agencia de catalogación original [NR] CO-BoUCM
Idioma de catalogación [NR] spa
Quien Cataloga Deissy Garcia (modificó)
Quien Clasifica John Ramirez
041 0# - CODIGO DE IDIOMA [R]
Código de idioma para texto/pista de sonido o título separado [R] Inglés
100 1# - ASIENTO PRINCIPAL--NOMBRE PERSONAL [NR]
Nombre personal [NR] Oppenheim, Alan V.
ID Autoridad 99648
Fechas asociadas con el nombre [NR] 1937-
245 10 - MENCION DE TITULO [NR]
Título [NR] Discrete-time signal processing
Mención de responsabilidad, etc. [NR] Alan V. Oppenheim, Ronald W. Schafer
250 ## - MENCION DE EDICION [NR]
Resto de la mención de edición [NR] 3a.Ed.
260 ## - PUBLICACION, DISTRIBUCION, ETC. (PIE DE IMPRENTA) [R]
Nombre del editor, distribuidor, etc. [R] Pearson
Lugar de publicación, distribución, etc. [R] Londres
Fecha de publicación, distribución, etc. [R] 2013
300 ## - DESCRIPCION FISICA [R]
Extensión [R] 1052 páginas
Otros detalles físicos [NR] ilustraciones, diagramas, gráficos
490 ## - MENCION DE SERIE [R]
Mención de serie [R] Signal processing series
504 ## - NOTA DE BIBLIOGRAFIA, ETC. [R]
Nota de bibliografía, etc. [NR] Incluye referencias bibliográficas e índices
505 ## - NOTA DE CONTENIDO CON FORMATO PREESTABLECIDO [R]
Mención de responsabilidad [R] Discret-time signal and system. -- The z-Transform. -- sampling of continuous-time signal. -- Transform analysis of time-invariant systems. -- structure for discrete-time systems. -- filter design techniques. -- the discrete fourier transform. -- Computacional of the discrete fourier transform. -- fourier analysis of signal using the discrete fourier transform. -- Parametric signal modeling. -- discrete hilbert transforms. -- ceptrum analysis and homomorphic deconvolution. -- Random signal. -- Continuous-time filters.
520 ## - NOTA DE RESUMEN, ETC. [R]
Nota de sumario, etc. [NR] Discrete-Time Signal Processing, Third Edition is the definitive, authoritative text on DSP - ideal for those with introductory-level knowledge of signals and systems. Written by prominent DSP pioneers, it provides thorough treatment of the fundamental theorems and properties of discrete-time linear systems, filtering, sampling, and discrete-time Fourier Analysis. By focusing on the general and universal concepts in discrete-time signal processing, it remains vital and relevant to the new challenges arising in the field.
650 10 - ASIENTO SECUNDARIO DE MATERIA - TERMINO TEMATICO [R]
9 (RLIN) 87556
Término temático o nombre geográfico como elemento de entrada [NR] Procesamiento de señales
Subdivisión general [R] Matemáticas
650 17 - ASIENTO SECUNDARIO DE MATERIA - TERMINO TEMATICO [R]
9 (RLIN) 24644
Término temático o nombre geográfico como elemento de entrada [NR] Sistemas de tiempo discreto
650 10 - ASIENTO SECUNDARIO DE MATERIA - TERMINO TEMATICO [R]
9 (RLIN) 99649
Término temático o nombre geográfico como elemento de entrada [NR] Teoria de las señales (Información)
650 10 - ASIENTO SECUNDARIO DE MATERIA - TERMINO TEMATICO [R]
Término temático o nombre geográfico como elemento de entrada [NR] Manejo de señal
9 (RLIN) 99695
700 1# - ASIENTO SECUNDARIO - NOMBRE PERSONAL [R]
9 (RLIN) 99694
Nombre personal [NR] Schafer, Ronal W.
Fechas asociadas con el nombre [NR] 1938-
942 ## - ELEMENTOS DE ENTRADA AGREGADOS (KOHA)
Tipo de ítem principal el descrito en 300a Libro de reserva
Sistema de clasificación DEWEY
Tema principal Ciencias aplicadas
Edición 3
Clasificación 621.3822
Parte restante de la signatura top. O62d
Existencias
Signatura topográfica Código de barras Última vez visto Ejemplar Costo de reposición Price effective from Tipo de ítem Perdido Dañado No prestable Tipo de ítem específico Suprimido Ubicación habitual Ubicación actual Localización Fecha de creación Proveedor Forma de adquisición Costo Volúmen / Fascículo Sistema de clasificación
621.3822 O62d 100158977 04/12/2025 Ej.1 734430.00 15/01/2020 Libro       Libro   Claustro Claustro 4to piso 15/01/2020 15 Compra 734430.00    
621.3822 O62d 100166684 04/12/2025 Ej.2 88173.00 07/09/2020 Libro       Libro   Claustro Claustro 4to piso 07/09/2020 156 Compra 88173.00 3a.Ed. DEWEY